Les quartiers célèbres - villes françaises - Statistiques

Statistiques générales
  • Ce quiz a été pris 44 fois
  • Le résultat moyen est 6 sur 20
Statistiques - réponses
Nom du quartier Ville % Correct
Le Marais Paris
100%
Le Panier Marseille
89%
La Croix-Rousse Lyon
74%
La Petite France Strasbourg
63%
Wazemmes Lille
61%
Antigone Montpellier
45%
Saint-Cyprien Toulouse
37%
Les Chartrons Bordeaux
34%
Recouvrance Brest
26%
Le Bouffay Nantes
26%
Le Rebberg Mulhouse
13%
Carré d'Or Nice
13%
Les Trois-Cités Poitiers
13%
Saint-Leu Amiens
11%
Les Antiquaires Dijon
11%
Le Mourillon Toulon
11%
Le Suquet Cannes
8%
La Boucherie Limoges
8%
Ville Active Nîmes
5%
Le Chapitre Reims
0%
Aucun quiz correspondant
Distribution des résultats
% des personnes avec chaque résultat
Percentile par nombre de réponses
Votre historique - résultats
Vous n’avez pas pris ce quiz